000
00241nam a2200097Ia 4500
001
713247
005
20250826162842.0
008
250824s9999 xx 000 0 und d
245
0
_a
AŞKI SÖYLEMEK
_c
AYLA ABAK
260
_b
GENÇ TİMAŞ YAYINLARI
999
_c
713247
_d
713247